Luis Camnitzer : muestra antológica. (Record no. 918)

MARC details
000 -LEADER
campo de control de longitud fija 00750nam a22001577a 4500
008 - DATOS DE LONGITUD FIJA--INFORMACIÓN GENERAL
campo de control de longitud fija 160525b xxu||||| |||| 00| 0 eng d
082 ## - NÚMERO DE LA CLASIFICACIÓN DECIMAL DEWEY
Número de clasificación 708
Número de ítem C184a
100 ## - ENTRADA PRINCIPAL--NOMBRE DE PERSONA
Nombre de persona Luis Camnitzer; Ernesto Calvo
9 (RLIN) 5037
110 ## - ENTRADA PRINCIPAL--NOMBRE DE ENTIDAD CORPORATIVA
Nombre de entidad corporativa o nombre de jurisdicción como elemento de entrada Museo de Arte y Diseño Contemporáneo (San José, Costa Rica)
9 (RLIN) 5038
245 ## - MENCIÓN DEL TÍTULO
Título Luis Camnitzer : muestra antológica.
Mención de responsabilidad, etc. Luis Camnitzer; Ernesto Calvo, (Director MADC); Museo de Arte y Diseño Contemporáneo (San José, Costa Rica)
260 ## - PUBLICACIÓN, DISTRIBUCIÓN, ETC.
Lugar de publicación, distribución, etc. San José, Costa Rica
Nombre del editor, distribuidor, etc. Museo de Arte y Diseño Contemporáneo
Fecha de publicación, distribución, etc. 2010
300 ## - DESCRIPCIÓN FÍSICA
Extensión 79 pag
Otras características físicas color illustrations
Dimensiones 24 cm
600 ## - PUNTO DE ACCESO ADICIONAL DE MATERIA--NOMBRE DE PERSONA
Nombre de persona Luis Camnitzer
9 (RLIN) 5017
610 ## - PUNTO DE ACCESO ADICIONAL DE MATERIA--NOMBRE DE ENTIDAD CORPORATIVA
Nombre de entidad corporativa o nombre de jurisdicción como elemento de entrada MADC- CR
9 (RLIN) 5039
650 ## - PUNTO DE ACCESO ADICIONAL DE MATERIA--TÉRMINO DE MATERIA
Término de materia o nombre geográfico como elemento de entrada Luis Camnitzer . - 1937
Subdivisión de forma Exhicibion
Subdivisión general Arte latinoamericano
Subdivisión cronológica Siglo XXI
Subdivisión geográfica arte - uruguay
9 (RLIN) 5040
Holdings
Estatus retirado Estado de pérdida Fuente del sistema de clasificación o colocación Estado de daño No para préstamo Biblioteca de origen Biblioteca actual Ubicación en estantería Fecha de adquisición Total de préstamos Signatura topográfica completa Código de barras Visto por última vez Precio de reemplazo Tipo de ítem Koha
    Clasificación Decimal Dewey     Biblioteca LadoV Biblioteca LadoV   25/05/2016   708 C184a 000681 25/05/2016 25/05/2016 Material 01